Схема разведывательной сводки штаба партизанского движения

RUSMARC
00004018cbm0a2200277#x 450
001d3840ffc-42bb-4421-8339-854acec5d928
00520221216142101.0
100##$a20221214j19421027k###0rusy50 ca
1012#$arus
102##$aRU
105##$ay###z########
1220#$ad19421027##
2001#$aСхема разведывательной сводки штаба партизанского движения
$j27 октября 1942 г.
251##$cДокумент
300##$aПодлинник
461#0$12001
$aФ. 69
$1251
$cФонд
$1852
$j69
462#0$12001
$aОп. 1
$1251
$cОпись
$1852
$j1
462#0$12001
$aД. 4
$vЛ. 96-96об.
$1251
$cДело
$1852
$j4
605##$2prlib_sh
$3LIBNET\UAF\0000088514
$aВторая мировая война в архивных документах (Комплекс оцифрованных архивных документов, кино- и фотоматериалов)
$lколлекция
6061#$2nlr_sh
$3RU\NLR\AUTH\66111865
$aВеликая Отечественная война
$z1941 - 1945
$xПартизанское движение
$jДокументы и материалы
686##$a63.3(2)622,5ю11
$vLBC/M
$2rubbk
801#0$aRU
$bПБ им. Б.Н. Ельцина
$c20221214
801#1$aRU
$bПБ им. Б.Н. Ельцина
$c20221214
$2rusmarc
801#2$aRU
$bПБ им. Б.Н. Ельцина
$c20221216
$2rusmarc
850##$aРоссийский государственный архив социально-политической истории
852##$aРГАСПИ
$jЛ. 96-96об.
035##$aLIBNET\0001296849
937##$d181530510
$hФедеральное архивное агентство
8564#$uhttp://readingroom.main.prlib.ru/item.aspx?id_node=n181530510&mode=full
Формат отображения